000 00707nam a2200265Ia 4500
003 OSt
005 20220918222342.0
006 a|||||r|||| 00| 0
007 ta
008 220917b |||||||| |||| 00| 0 eng d
024 _a216,568
037 _cTextual
040 _aARTS
_cARTS
_beng
041 _2eng
_aeng
082 _aWv.N, P2
100 _aKymlicka Will
_9120451
245 0 _aContemporary political philosophy
_b An introduction
250 _a2nd
260 _aOxford
_bOxford university press
_c2002
300 _axii, 497p
_ccm.
490 _aFYUP DC-1 PS
650 _aPOLITICAL SCIENCE
942 _hWv.N, P2
_cTEXL
_2CC
999 _c275267
_d275267